| 000 | 01407cam a2200325 a 4500 | ||
|---|---|---|---|
| 001 | 12160110 | ||
| 003 | OSt | ||
| 005 | 20230704103733.0 | ||
| 008 | 000831s2000 enk b 001 0 eng | ||
| 010 | _a 00046481 | ||
| 020 | _a0198298498 | ||
| 040 |
_aDLC _cDLC _dDLC |
||
| 050 | 0 | 0 |
_aK3240 _b.S74 2000 |
| 082 | 0 | 0 |
_a341.4/81 _221 _bSTE |
| 100 | 1 | _aSteiner, Henry J. | |
| 245 | 1 | 0 |
_aInternational human rights in context : _blaw, politics, morals : text and materials / _cHenry J. Steiner and Philip Alston. |
| 250 | _a2nd ed. | ||
| 260 |
_aOxford ; _aNew York : _bOxford University Press, _c2000. |
||
| 300 |
_axxxiii, 1497 p. ; _c25 cm. |
||
| 504 | _aIncludes bibliographical references and indexes. | ||
| 650 | 0 | _aHuman rights. | |
| 650 | 0 |
_aHuman rights _xMoral and ethical aspects. |
|
| 700 | 1 | _aAlston, Philip. | |
| 856 | 4 | 2 |
_3Publisher description _uhttp://www.loc.gov/catdir/enhancements/fy0610/00046481-d.html |
| 856 | 4 | 1 |
_3Table of contents only _uhttp://www.loc.gov/catdir/enhancements/fy0610/00046481-t.html |
| 856 | 4 | 2 |
_3Contributor biographical information _uhttp://www.loc.gov/catdir/enhancements/fy0723/00046481-b.html |
| 906 |
_a7 _bcbc _corignew _d1 _eocip _f20 _gy-gencatlg |
||
| 942 |
_2ddc _cBK |
||
| 999 |
_c3658 _d3658 |
||